Μαστίχα η κόρη της Χίου

Αποθηκεύτηκε σε:
Λεπτομέρειες βιβλιογραφικής εγγραφής
Κύριος συγγραφέας: Περίκος, Γιάννης, 1954-
Μορφή: Βιβλίο
Γλώσσα:Greek
Δημοσίευση: Αθήνα : Ομηρος, 1988
Θέματα:
Ετικέτες: Προσθήκη ετικέτας
Δεν υπάρχουν, Καταχωρήστε ετικέτα πρώτοι!

MARC

LEADER 00000cam a2200000 i 4500
001 1/54190
008 941103s1988 gre d
035 |a 1991  |c ΔΩΡΕΑ  |l 10027644 
040 |a GR-MY-UA  |b gre  |e aacr 
041 0 |a gre 
082 0 |a 634 
100 1 |a Περίκος, Γιάννης,   |d 1954- 
245 1 0 |a Μαστίχα η κόρη της Χίου /  |c Γιάννης Περίκος 
260 |a Αθήνα :   |b Ομηρος,   |c 1988 
300 |a 125 σ.;  |b εικ.;  |c 24 εκ. 
504 |a Βιβλιογραφία: σ.123-125 
650 0 0 |a Folklore  |z Greece  |z Chios (Municipality) 
650 0 0 |a Pistacia  |z Greece  |z Chios Island. 
651 0 |a Chios (Greece : Municipality)  |x History. 
852 |a INST  |b CHIOS  |e 19960508  |h 634 ΠΕΡ  |p 005200000203  |q 005200000203  |t BK  |y 0 
852 |a INST  |b CHIOS  |e 19960508  |h 634 ΠΕΡ  |p 005200000204  |q 005200000204  |t BK  |y 0 
852 |a INST  |b RHODES  |e 20000511  |h 634 ΠΕΡ  |p 005400010598  |q 005400010598  |t BK  |y 0 
852 |a INST  |b RHODES  |e 20000511  |h 634 ΠΕΡ  |p 005400010599  |q 005400010599  |t BK  |y 0 
852 |a INST  |b SAMOS  |e 19941103  |h 634 ΠΕΡ  |p 005300000205  |q 005300000205  |t BK  |y 0 
909 |a Χ  |b 020287 
909 |a Χ  |b 020286 
909 |a Σ  |b 020318 
909 |a Ρ  |b 017641 
909 |a Ρ  |b 017642 
922 |a 4ΔΩΡ  |b 199106  |c ΔΩΡΕΑ